000
00334nam a22001457a 4500
008
210512b ||||| |||| 00| 0 eng d
020
_a
9781256830528
041
_a
eng
080
_2
3rd
_a
37
082
_a
37
100
_a
46
101
_a
EDU
245
_a
The Georgetown College Skills Handbook
_c
Barbara Burch
942
_2
udc
_c
BK
999
_c
57300
_d
57300